MARC

LEADER 00000nas a2200000 a 4500
001 ssj0004705
003 WaSeSS
005 20200512172242.0
006 m d
007 cr n
008 760901d19762011nyumr p s 0 a0eng
010 |a  76641287  
016 7 |a 9878890  |2 DNLM 
016 7 |a V06527000  |2 DNLM 
022 |l 0363-1001  |y 0363-1001 
035 |a (WaSeSS)ssj0004705 
037 |b P.S.N. Publications, 2 Park Avenue, Suite 1820, New York, NY 10016 
037 |b NewBay Media LLC, 28 E. 28th St., 12th floor, New York, N.Y. 10016 
040 |a DLC  |b eng  |c DLC  |d NSD  |d OCL  |d NST  |d RCS  |d AIP  |d NSD  |d NST  |d IUL  |d MXC  |d SYS  |d NLM  |d OCLCQ  |d DLC  |d CUS  |d U9S  |d OCLCQ  |d DLC  |d FUG  |d OCLCF  |d OCLCO  |d OCLCQ  |d OCLCO  |d OCLCA  |d GILDS  |d OCLCO  |d PAU  |d OCLCQ  |d OCLCA  |d L2U  |d WaSeSS 
042 |a pcc  |a nsdp 
050 0 0 |a TK6630.A1  |b V53 
082 0 4 |a 621.388/005 
210 0 |a Videography 
222 0 |a Videography 
245 0 0 |a Videography  |h [electronic resource]. 
260 |a New York :  |b United Business Publications,  |c 1976- 
260 2 |3 1993- :  |a New York :  |b P.S.N. Publications 
260 2 |3 2004- :  |a New York :  |b United Entertainment Media 
260 3 |3 -2011 :  |a New York :  |b NewBay Media 
310 |a Monthly 
362 0 |a V.1- Apr. 1976- 
362 1 |a Ceased with vol. 36, no. 8 (Aug. 2011). 
500 |a Publisher: P.S.N. Publications, <Dec. 1993-; United Entertainment Media, Inc., <Apr. 2004->, NewBay Media <-Aug. 2011> 
506 |a License restrictions may limit access. 
580 |a Merged with DV to form: Digital video. 
588 |a Latest issue consulted: Vol. 36, no. 8 (Aug. 2011). 
650 0 |a Television  |v Periodicals. 
650 0 |a Closed-circuit television  |v Periodicals. 
650 2 |a Video Recording. 
650 6 |a Télévision  |v Périodiques. 
650 6 |a Télévision en circuit fermé  |v Périodiques. 
650 7 |a 05.37 film, video.  |0 (NL-LeOCL)077592735  |2 bcl 
650 7 |a Closed-circuit television.  |2 fast  |0 (OCoLC)fst00864626 
650 7 |a Television.  |2 fast  |0 (OCoLC)fst01146535 
655 0 |a Electronic journals. 
776 0 8 |i Microfilm version:  |t Videography  |x 0363-1001  |w (DLC)sn 93033610  |w (OCoLC)8738495 
780 0 5 |t Corporate video decisions  |w (DLC)sn 90002315  |w (OCoLC)18934274 
785 1 7 |t DV  |x 1541-0943  |w (DLC) 97641997  |w (OCoLC)35232231 
785 1 7 |t Digital video  |x 2164-0963  |w (DLC) 2011202413  |w (OCoLC)755759214 
850 |a AU  |a CNoS  |a CaBVa  |a CaBViPA  |a CoU  |a DLC  |a FU  |a InU  |a LU  |a MBU  |a MoKU  |a MoU  |a NBC  |a NN  |a NcU  |a NjR  |a ULA 
853 3 3 |8 1  |a v.  |i (year) 
856 4 0 |z Full text available from Research Library: 08/01/1998 to 08/31/2011  |u https://search.proquest.com/publication/49264 
863 4 0 |8 1  |a <1>-  |i <1976>-  |x provisional